000 00687nam a2200241Ia 4500
003 OSt
005 20221005050110.0
006 a|||||r|||| 00| 0
007 ta
008 221004b |||||||| |||| 00| 0 eng d
024 _a18014
037 _bGift, 27/05/2015,
_cTextual
040 _aCRL
_cCRL
_beng
041 _2eng
_aeng
082 _aO111,3NQU,BE, 157P2
100 _aQueen Ellery
_9594276
245 0 _aBeware the young stranger
260 _aKolkata
_bUjjal Sahitya India
_c2002
300 _a124p.
_ccm.
650 _aENGLISH LITERATURE
942 _hO111,3NQU,BE, 157P2
_cTEXL
_2cc
999 _c956292
_d956292